00254nam a22000977a 4500082001200000100001600012245005400028260003100082300000800113650003500121 a546 GRI aGrinley D.N a Advanced Course in Practical Inorganic Chemistry aLondonbButterworthsc1964 a184 aChemistryaInorganic Chemistry